000 00486nam a2200169Ia 4500
008 090201s9999 xx 000 0 und d
010 _aKPL-28209
040 _bमराठी
041 _aमराठी
082 _a29037
_b28209
100 _aबा ल पाठक
245 _aसटिका पंचदशी
_cबा ल पाठक
260 _c2004
_bअ.ब.क.
300 _a335
_bमोठा
600 _aसटिका पंचदशी
942 _cBOOK
999 _c227690
_d227690